| 000 | 00619nam a22002177i 4500 | ||
|---|---|---|---|
| 003 | URS | ||
| 005 | 20220114153428.0 | ||
| 008 | 171109b xxu||||| |||| 00| 0 eng d | ||
| 040 |
_erda _cURSP-College Library _beng |
||
| 050 | _b899.211 P45 1985 | ||
| 100 | 1 | _aPerez, Alejandrino Q. | |
| 245 |
_aLinggwistika at Panitikan _cAlejandrino Q. Perez |
||
| 264 | 1 |
_aManila _bRex Book Store _c1985. |
|
| 300 |
_ax, 373pages _c22cm. |
||
| 336 |
_atext _btxt _2rdacontent |
||
| 337 |
_aunmediated _bn _2rdamedia |
||
| 338 |
_avolume _bnc _2rdacarrier |
||
| 500 | _aIncludes | ||
| 650 | 0 | _alinggwistika-panitikan. | |
| 942 |
_2lcc _cF |
||
| 999 |
_c8595 _d8595 |
||